000 00880cam a22002531 4500
001 ca 36000373
003 DLC
005 20260227111141.0
008 860408s1936 nyuacf 000 0 eng
010 _aca 36000373
035 _a(OCoLC)13406521
040 _aDLC
_cIHi
_dDLC
042 _apremarc
050 0 0 _aF129.R8
_bS6
082 _a974.724
100 1 _aSmith, Valentine W.,
_d1868-
245 1 0 _aFar Rockaway in reminiscence,
_cby Valentine W. Smith; an address delivered at the noonday meeting of the Exchange Club in Far Rockaway, Tuesday, November 13, 1934.
260 _aJamaica, N.Y.,
_bThe Queens Borough Public Library,
_c1936.
300 _a30, [6] p.
_bfront. (port.) 1 illus., pl.
_c28 cm.
500 _aAll of the illustrations are mounted.
500 _aMultigraphed.
651 0 _aFar Rockaway (N.Y.)
710 2 _aExchange Club of Far Rockaway, N.Y.
999 _c18073
_d18073